<?xml version="1.0" encoding="UTF-8"?>
<record
    xmlns:xsi="http://www.w3.org/2001/XMLSchema-instance"
    xsi:schemaLocation="http://www.loc.gov/MARC21/slim http://www.loc.gov/standards/marcxml/schema/MARC21slim.xsd"
    xmlns="http://www.loc.gov/MARC21/slim">

  <leader>05748nab a2200973uuc4500</leader>
  <controlfield tag="001">1355614</controlfield>
  <controlfield tag="005">20241029090623.0</controlfield>
  <controlfield tag="008">140122e20130705                    eng  </controlfield>
  <datafield tag="035" ind1=" " ind2=" ">
    <subfield code="a">1355614</subfield>
  </datafield>
  <datafield tag="040" ind1=" " ind2=" ">
    <subfield code="c">comduadb</subfield>
  </datafield>
  <datafield tag="041" ind1=" " ind2=" ">
    <subfield code="a">eng</subfield>
  </datafield>
  <datafield tag="100" ind1="1" ind2="0">
    <subfield code="a">Algarte, Vanessa Majewski</subfield>
    <subfield code="4">aut</subfield>
    <subfield code="e">aut</subfield>
    <subfield code="9">698772</subfield>
  </datafield>
  <datafield tag="245" ind1="1" ind2="0">
    <subfield code="a">Ecology and Limnology (Dossier)</subfield>
  </datafield>
  <datafield tag="505" ind1=" " ind2=" ">
    <subfield code="a">CONTENIDO: Desiccation and recovery of periphyton biomass and density in a subtropical lentic ecosystem / Vanessa Majewski Algarte; Nat&#xE1;lia Silveira Siqueira; Liliana Rodrigues (p.p. 311-318). -- Spatial variation of periphyton structural attributes on Eichhornia Crassipes (Mart.) Solms in a tropical lotic ecosystem / Thais Almeida Pereira; Sirlene Aparecida Felisberto; Val&#xE9;ria de Oliveira Fernandes (p.p. 319-326). -- Assessing nitrogen flow in production and utilization cycle of wheat and maize as a tool to monitor N loss in Iran / Alireza Koocheki; Mehdi Nassiri Mahallati; Hamed Mansoori; Rooholla Moradi (p.p. 327-334). -- Effects of intensive fish-farming and domestic wastewater on the periphytic algal community in a tropical coastal lagoon (Juara, Brazil) / St&#xE9;fano Zorzal de Almeida; Val&#xE9;ria de Oliveira Fernandes (p.p. 335-342). -- Richness and composition of macrophyte assemblages in four amazonian lakes / Roger Paulo Mormul; Sidinei Magela Thomaz; Lisandro Juno Soares Vieira (p.p. 343-350). -- Effects of a native and a non-native macrophyte species of Hydrocharitaceae on Chironomidae and Oligochaeta assemblages structure / R&#xF4;mulo Diego de Lima Behrend; Mariana Carolina Teixeira; Sue Ellen Prata Fernandes; Janielly Carvalho Camargo (p.p. 351-358). --  Spatial and temporal fluctuation of phytoplankton functional groups in a tropical reservoir / L&#xED;via Oliveira Ruiz Moreti; Luana Martos; V&#xE2;nia Mara Bovo-Scomparin; Luzia Cleide Rodrigues (p.p. 359-366). -- Population dynamics of the yellow piranha Serrasalmus Spilopleura Kner, 1858 (Characidae, Serrasalminae) in amazonian floodplain lakes / Fabr&#xED;cio Barros de Sousa; Maria Gercilia Mota Soares; Luiza Prestes (p.p. 367-372). -- Dioxins and polychlorinated biphenyls concentrations in Larus dominicanus. Case study: Marambaia island, Sepetiba bay, Rio de Janeiro State, Brazil / Aldo Pacheco Ferreira; Eduardo Dias Wermelinger (p.p. 373-380).</subfield>
  </datafield>
  <datafield tag="650" ind1=" " ind2=" ">
    <subfield code="a">Clorofila a</subfield>
    <subfield code="9">187549</subfield>
  </datafield>
  <datafield tag="650" ind1=" " ind2=" ">
    <subfield code="a">Resilencia (materiales)</subfield>
    <subfield code="9">188387</subfield>
  </datafield>
  <datafield tag="650" ind1=" " ind2=" ">
    <subfield code="a">Perifiton (Ecolog&#xED;a) - Investigaciones</subfield>
    <subfield code="9">12003</subfield>
  </datafield>
  <datafield tag="650" ind1=" " ind2=" ">
    <subfield code="a">Biomasa vegetal</subfield>
    <subfield code="9">27027</subfield>
  </datafield>
  <datafield tag="650" ind1=" " ind2=" ">
    <subfield code="a">Zona subtropical</subfield>
    <subfield code="9">59800</subfield>
  </datafield>
  <datafield tag="650" ind1=" " ind2=" ">
    <subfield code="a">Jacinto de agua : Eichhornia crassipes</subfield>
    <subfield code="9">26003</subfield>
  </datafield>
  <datafield tag="650" ind1=" " ind2=" ">
    <subfield code="a">Biologia tropical</subfield>
    <subfield code="9">49007</subfield>
  </datafield>
  <datafield tag="650" ind1=" " ind2=" ">
    <subfield code="a">Biolog&#xED;a vegetal</subfield>
    <subfield code="9">61139</subfield>
  </datafield>
  <datafield tag="650" ind1=" " ind2=" ">
    <subfield code="a">Ecosistemas tropicales</subfield>
    <subfield code="9">29671</subfield>
  </datafield>
  <datafield tag="650" ind1=" " ind2=" ">
    <subfield code="a">Periodo seco</subfield>
    <subfield code="9">154535</subfield>
  </datafield>
  <datafield tag="650" ind1=" " ind2="7">
    <subfield code="a">Ciencias de la nutrici&#xF3;n</subfield>
    <subfield code="2">dcs</subfield>
    <subfield code="9">39724</subfield>
  </datafield>
  <datafield tag="650" ind1=" " ind2=" ">
    <subfield code="a">Flujos de nitr&#xF3;geno</subfield>
    <subfield code="9">164482</subfield>
  </datafield>
  <datafield tag="650" ind1=" " ind2=" ">
    <subfield code="a">Trigo</subfield>
    <subfield code="9">393</subfield>
  </datafield>
  <datafield tag="650" ind1=" " ind2="7">
    <subfield code="a">Ma&#xED;z</subfield>
    <subfield code="2">lemb</subfield>
    <subfield code="9">47581</subfield>
  </datafield>
  <datafield tag="650" ind1=" " ind2=" ">
    <subfield code="a">Iran</subfield>
    <subfield code="9">40308</subfield>
  </datafield>
  <datafield tag="650" ind1=" " ind2=" ">
    <subfield code="a">Fertilizantes</subfield>
    <subfield code="9">18170</subfield>
  </datafield>
  <datafield tag="650" ind1=" " ind2=" ">
    <subfield code="a">Piscicultura - Brasil</subfield>
    <subfield code="9">128821</subfield>
  </datafield>
  <datafield tag="650" ind1=" " ind2=" ">
    <subfield code="a">Bacillariophyceae</subfield>
    <subfield code="9">110711</subfield>
  </datafield>
  <datafield tag="650" ind1=" " ind2=" ">
    <subfield code="a">Estaci&#xF3;n seca</subfield>
    <subfield code="9">70443</subfield>
  </datafield>
  <datafield tag="650" ind1=" " ind2=" ">
    <subfield code="a">Lagos amazonicos</subfield>
    <subfield code="9">160634</subfield>
  </datafield>
  <datafield tag="650" ind1=" " ind2="7">
    <subfield code="a">Biodiversidad</subfield>
    <subfield code="2">embne</subfield>
    <subfield code="9">58506</subfield>
  </datafield>
  <datafield tag="650" ind1=" " ind2="7">
    <subfield code="a">Riqueza</subfield>
    <subfield code="2">lemb</subfield>
    <subfield code="9">41051</subfield>
  </datafield>
  <datafield tag="650" ind1=" " ind2=" ">
    <subfield code="a">Macr&#xF3;fitas</subfield>
    <subfield code="9">15253</subfield>
  </datafield>
  <datafield tag="650" ind1=" " ind2=" ">
    <subfield code="a">R&#xED;o Paran&#xE1; (Argentina)</subfield>
    <subfield code="9">177818</subfield>
  </datafield>
  <datafield tag="650" ind1=" " ind2=" ">
    <subfield code="a">Invasiones</subfield>
    <subfield code="9">259</subfield>
  </datafield>
  <datafield tag="650" ind1=" " ind2=" ">
    <subfield code="a">Grupos funcionales (qu&#xED;mica)</subfield>
    <subfield code="9">189263</subfield>
  </datafield>
  <datafield tag="650" ind1=" " ind2=" ">
    <subfield code="a">Distribuci&#xF3;n espacial</subfield>
    <subfield code="9">68074</subfield>
  </datafield>
  <datafield tag="650" ind1=" " ind2=" ">
    <subfield code="a">Oligotr&#xF3;fico</subfield>
    <subfield code="9">189866</subfield>
  </datafield>
  <datafield tag="650" ind1=" " ind2="7">
    <subfield code="a">Fitoplancton</subfield>
    <subfield code="2">lemb</subfield>
    <subfield code="9">6114</subfield>
  </datafield>
  <datafield tag="650" ind1=" " ind2=" ">
    <subfield code="a">Serrasalmus spilopleura</subfield>
    <subfield code="9">69947</subfield>
  </datafield>
  <datafield tag="650" ind1=" " ind2=" ">
    <subfield code="a">Crecimiento (Biolog&#xED;a)</subfield>
    <subfield code="9">49809</subfield>
  </datafield>
  <datafield tag="650" ind1=" " ind2="7">
    <subfield code="a">Mortalidad</subfield>
    <subfield code="2">lemb</subfield>
    <subfield code="9">6283</subfield>
  </datafield>
  <datafield tag="650" ind1=" " ind2=" ">
    <subfield code="a">Exposici&#xF3;n ambiental</subfield>
    <subfield code="9">48703</subfield>
  </datafield>
  <datafield tag="650" ind1=" " ind2=" ">
    <subfield code="a">Dioxinas</subfield>
    <subfield code="9">37740</subfield>
  </datafield>
  <datafield tag="650" ind1=" " ind2=" ">
    <subfield code="a">Policlorado</subfield>
    <subfield code="9">23291</subfield>
  </datafield>
  <datafield tag="650" ind1=" " ind2=" ">
    <subfield code="a">Estudio de casos y controles</subfield>
    <subfield code="9">56843</subfield>
  </datafield>
  <datafield tag="650" ind1=" " ind2=" ">
    <subfield code="a">R&#xED;o de Janeiro, Brasil</subfield>
    <subfield code="9">32852</subfield>
  </datafield>
  <datafield tag="650" ind1=" " ind2="7">
    <subfield code="a">Efluentes dom&#xE9;sticos</subfield>
    <subfield code="2">dcs</subfield>
    <subfield code="9">131499</subfield>
  </datafield>
  <datafield tag="700" ind1="1" ind2="0">
    <subfield code="a">Siqueira, Natalia Silveira</subfield>
    <subfield code="4">aut</subfield>
    <subfield code="e">aut</subfield>
    <subfield code="9">655386</subfield>
  </datafield>
  <datafield tag="700" ind1="1" ind2="0">
    <subfield code="a">Rodrigues, Liliana</subfield>
    <subfield code="4">aut</subfield>
    <subfield code="e">aut</subfield>
    <subfield code="9">648070</subfield>
  </datafield>
  <datafield tag="700" ind1="1" ind2="0">
    <subfield code="a">Pereira, Thais Almeida</subfield>
    <subfield code="4">aut</subfield>
    <subfield code="e">aut</subfield>
    <subfield code="9">692541</subfield>
  </datafield>
  <datafield tag="700" ind1="1" ind2="0">
    <subfield code="a">Felisberto, Sirlene Aparecida</subfield>
    <subfield code="4">aut</subfield>
    <subfield code="e">aut</subfield>
    <subfield code="9">677679</subfield>
  </datafield>
  <datafield tag="700" ind1="1" ind2="0">
    <subfield code="a">Fernandes, Val&#xE9;ria de Oliveira</subfield>
    <subfield code="4">aut</subfield>
    <subfield code="e">aut</subfield>
    <subfield code="9">707625</subfield>
  </datafield>
  <datafield tag="700" ind1="1" ind2="0">
    <subfield code="a">Koocheki, Alireza</subfield>
    <subfield code="4">aut</subfield>
    <subfield code="e">aut</subfield>
    <subfield code="9">684493</subfield>
  </datafield>
  <datafield tag="700" ind1="1" ind2="0">
    <subfield code="a">Mahallati, Mehdi Nassiri</subfield>
    <subfield code="4">aut</subfield>
    <subfield code="e">aut</subfield>
    <subfield code="9">707626</subfield>
  </datafield>
  <datafield tag="700" ind1="1" ind2="0">
    <subfield code="a">Mansoori, Hamed</subfield>
    <subfield code="4">aut</subfield>
    <subfield code="e">aut</subfield>
    <subfield code="9">683065</subfield>
  </datafield>
  <datafield tag="700" ind1="1" ind2="0">
    <subfield code="a">Rooholla, Moradi</subfield>
    <subfield code="4">aut</subfield>
    <subfield code="e">aut</subfield>
    <subfield code="9">684494</subfield>
  </datafield>
  <datafield tag="700" ind1="1" ind2="0">
    <subfield code="a">Almeida, St&#xE9;fano Zorzal de</subfield>
    <subfield code="4">aut</subfield>
    <subfield code="e">aut</subfield>
    <subfield code="9">714882</subfield>
  </datafield>
  <datafield tag="700" ind1="1" ind2="0">
    <subfield code="a">Fernandes, Val&#xE9;ria de Oliveira</subfield>
    <subfield code="4">aut</subfield>
    <subfield code="e">aut</subfield>
    <subfield code="9">707625</subfield>
  </datafield>
  <datafield tag="700" ind1="1" ind2="0">
    <subfield code="a">Mormul, Roger Paulo</subfield>
    <subfield code="4">aut</subfield>
    <subfield code="e">aut</subfield>
    <subfield code="9">652364</subfield>
  </datafield>
  <datafield tag="700" ind1="1" ind2="0">
    <subfield code="a">Thomaz, Sidinei Magela</subfield>
    <subfield code="4">aut</subfield>
    <subfield code="e">aut</subfield>
    <subfield code="9">707627</subfield>
  </datafield>
  <datafield tag="700" ind1="1" ind2="0">
    <subfield code="a">Vieira, Lisandro Juno Soares</subfield>
    <subfield code="4">aut</subfield>
    <subfield code="e">aut</subfield>
    <subfield code="9">698773</subfield>
  </datafield>
  <datafield tag="700" ind1="1" ind2="0">
    <subfield code="a">Behrend, R&#xF4;mulo Diego de Lima</subfield>
    <subfield code="4">aut</subfield>
    <subfield code="e">aut</subfield>
    <subfield code="9">714883</subfield>
  </datafield>
  <datafield tag="700" ind1="1" ind2="0">
    <subfield code="a">Teixeira, Mariana Carolina</subfield>
    <subfield code="4">aut</subfield>
    <subfield code="e">aut</subfield>
    <subfield code="9">667202</subfield>
  </datafield>
  <datafield tag="700" ind1="1" ind2="0">
    <subfield code="a">Fernandes, Sue Ellen Prata</subfield>
    <subfield code="4">aut</subfield>
    <subfield code="e">aut</subfield>
    <subfield code="9">683066</subfield>
  </datafield>
  <datafield tag="700" ind1="1" ind2="0">
    <subfield code="a">Camargo, Janielly Carvalho</subfield>
    <subfield code="4">aut</subfield>
    <subfield code="e">aut</subfield>
    <subfield code="9">648104</subfield>
  </datafield>
  <datafield tag="700" ind1="1" ind2="0">
    <subfield code="a">Rosin, Gisele Cristina</subfield>
    <subfield code="4">aut</subfield>
    <subfield code="e">aut</subfield>
    <subfield code="9">683067</subfield>
  </datafield>
  <datafield tag="700" ind1="1" ind2="0">
    <subfield code="a">Takeda, Alice Michiyo</subfield>
    <subfield code="4">aut</subfield>
    <subfield code="e">aut</subfield>
    <subfield code="9">648115</subfield>
  </datafield>
  <datafield tag="700" ind1="1" ind2="0">
    <subfield code="a">Moreti, L&#xED;via Oliveira Ruiz</subfield>
    <subfield code="4">aut</subfield>
    <subfield code="e">aut</subfield>
    <subfield code="9">714884</subfield>
  </datafield>
  <datafield tag="700" ind1="1" ind2="0">
    <subfield code="a">Martos, Luana</subfield>
    <subfield code="4">aut</subfield>
    <subfield code="e">aut</subfield>
    <subfield code="9">698775</subfield>
  </datafield>
  <datafield tag="700" ind1="1" ind2="0">
    <subfield code="a">Scomparin, V&#xE2;nia Mara Bovo</subfield>
    <subfield code="4">aut</subfield>
    <subfield code="e">aut</subfield>
    <subfield code="9">707628</subfield>
  </datafield>
  <datafield tag="700" ind1="1" ind2="0">
    <subfield code="a">Rodrigues, Luzia Cleide</subfield>
    <subfield code="4">aut</subfield>
    <subfield code="e">aut</subfield>
    <subfield code="9">682124</subfield>
  </datafield>
  <datafield tag="700" ind1="1" ind2="0">
    <subfield code="a">Sousa, Fabr&#xED;cio Barros de</subfield>
    <subfield code="4">aut</subfield>
    <subfield code="e">aut</subfield>
    <subfield code="9">702125</subfield>
  </datafield>
  <datafield tag="700" ind1="1" ind2="0">
    <subfield code="a">Soares, Maria Gercilia Mota</subfield>
    <subfield code="4">aut</subfield>
    <subfield code="e">aut</subfield>
    <subfield code="9">414344</subfield>
  </datafield>
  <datafield tag="700" ind1="1" ind2="0">
    <subfield code="a">Prestes, Luiza</subfield>
    <subfield code="4">aut</subfield>
    <subfield code="e">aut</subfield>
    <subfield code="9">683068</subfield>
  </datafield>
  <datafield tag="700" ind1="1" ind2="0">
    <subfield code="a">Ferreira, Aldo Pacheco</subfield>
    <subfield code="4">aut</subfield>
    <subfield code="e">aut</subfield>
    <subfield code="9">590659</subfield>
  </datafield>
  <datafield tag="700" ind1="1" ind2="0">
    <subfield code="a">Wermelinger, Eduardo Dias</subfield>
    <subfield code="4">aut</subfield>
    <subfield code="e">aut</subfield>
    <subfield code="9">683069</subfield>
  </datafield>
  <datafield tag="773" ind1="0" ind2=" ">
    <subfield code="t">Acta Scientiarum: Biological Sciences (Brasil)</subfield>
    <subfield code="g">Vol. 35, No. 03, Jul.-Sep. 2013, 311-380</subfield>
    <subfield code="w">1319377</subfield>
    <subfield code="x">1679-9283</subfield>
    <subfield code="0">648406</subfield>
  </datafield>
  <datafield tag="942" ind1=" " ind2=" ">
    <subfield code="c">ARIMP</subfield>
  </datafield>
  <datafield tag="999" ind1=" " ind2=" ">
    <subfield code="c">678510</subfield>
    <subfield code="d">678510</subfield>
  </datafield>
</record>
